Every Fruit In Blox Fruits - Statistics

General Stats
  • This quiz has been taken 56 times
  • The average score is 33 of 41
Answer Stats
Stock Price Rarity Permanent Price Type of Fruit Answer % Correct
$5,000 Common 50 Robux Natural Rocket
100%
$7,500 Common 75 Robux Natural Spin
97%
$15,000,000 Mythical 5,000 Robux Beast Dragon
95%
$350,000 Uncommon 750 Robux Elemental Ice
95%
$650,000 Rare 1,100 Robux Elemental Light
95%
$2,800,000 Mythical 2,400 Robux Elemental Dough
89%
$8,000,000 Mythical 4,000 Robux Beast Kitsune
89%
$3,200,000 Mythical 2,500 Robux Natural Control
86%
$100,000 Common 250 Robux Elemental Smoke
86%
$30,000 Common 100 Robux Natural Blade
84%
$1,200,000 Legendary 1,650 Robux Beast Buddha
84%
$250,000 Uncommon 550 Robux Elemental Flame
84%
$940,000 Rare 1,275 Robux Natural Ghost
84%
$1,300,000 Legendary 1,700 Robux Natural Love
84%
$1,000,000 Legendary 1,500 Robux Natural Quake
84%
$2,700,000 Mythical 2,350 Robux Beast T-Rex
84%
$5,000,000 Mythical 3,000 Robux Beast Yeti
84%
$80,000 Common 220 Robux Natural Bomb
81%
$1,400,000 Legendary 1,750 Robux Natural Creation
81%
$500,000 Uncommon 950 Robux Elemental Dark
81%
$600,000 Uncommon 1,000 Robux Natural Diamond
81%
$5,000,000 Mythical 3,000 Robux Beast Leopard
81%
$2,100,000 Legendary 2,100 Robux Elemental Lightning
81%
$960,000 Rare 1,300 Robux Elemental Magma
81%
$60,000 Common 180 Robux Natural Spring
81%
$2,500,000 Mythical 2,300 Robux Natural Gravity
78%
$1,900,000 Legendary 2,000 Robux Natural Portal
78%
$180,000 Common 380 Robux Natural Spike
78%
$420,000 Uncommon 850 Robux Elemental Sand
76%
$2,400,000 Legendary 2,250 Robux Elemental Blizzard
73%
$550,000 Uncommon 975 Robux Beast Eagle
73%
$2,700,000 Mythical 2,350 Robux Beast Mammoth
73%
$2,300,000 Legendary 2,200 Robux Natural Pain
73%
$750,000 Rare 1,200 Robux Natural Rubber
73%
$2,900,000 Mythical 2,425 Robux Natural Shadow
73%
$3,000,000 Mythical 2,450 Robux Natural Venom
73%
$1.500.000 Legendary 1,800 Robux Natural Spider
70%
$3,200,000 Mythical 2,500 Robux Elemental Gas
68%
$1,800,000 Legendary 2,000 Robux Beast Phoenix
68%
$1,700,000 Legendary 1,900 Robux Natural Sound
62%
$3,400,000 Mythical 2,550 Robux Natural Spirit
62%
No matching quizzes found
Score Distribution
Percent of People with Each Score
Percentile by Number Answered
Your Score History
You have not taken this quiz